Is That the African Capital? Quiz Stats

 Plays Quiz Updated Jul 30, 2019

Score 0/54 Timer 07:00
1 Play Today
% Correct
Cairo, Egypt
90.1%
Algiers, Algeria
89.7%
Tunis, Tunisia
89.7%
Tripoli, Libya
88.2%
Mogadishu, Somalia
87.7%
São Tomé, São Tomé and Príncipe
87.4%
Khartoum, Sudan
87.2%
Accra, Ghana
87.2%
Windhoek, Namibia
87%
Kinshasa, Democratic Republic of the Congo
86.7%
Brazzaville, Republic of the Congo
86.6%
Bissau, Guinea-Bissau
86.4%
Djibouti, Djibouti
86.2%
Yaoundé, Cameroon
85.4%
Ouagadougou, Burkina Faso
85%
Conakry, Guinea
85%
Monrovia, Liberia
85%
Antananarivo, Madagascar
84.8%
Freetown, Sierra Leone
84.4%
Libreville, Gabon
83.9%
Lomé, Togo
83.8%
Addis Ababa, Ethiopia
83.7%
Mbabane, eSwatini
83.7%
Luanda, Angola
83.6%
Rabat, Morocco
83.6%
Maputo, Mozambique
83.5%
Lusaka, Zambia
83.5%
% Correct
Gaborone, Botswana
83.4%
N'Djamena, Chad
83%
Banjul, The Gambia
82.8%
Bangui, Central African Republic
82.6%
Gitega, Burundi
82.4%
Port Louis, Mauritius
82.1%
Moroni, Comoros
81.7%
Juba, South Sudan
81.4%
Malabo, Equatorial Guinea
81.1%
Porto Novo, Benin
80.9%
Niamey, Niger
80.6%
Harare, Zimbabwe
80.5%
Lilongwe, Malawi
80.3%
Yamoussoukro, Côte d’Ivoire
79.9%
Kigali, Rwanda
79.3%
Asmara, Eritrea
79.3%
Nouakchott, Mauritania
78.9%
Kampala, Uganda
78.6%
Praia, Cabo Verde
76.5%
Victoria, Seychelles
76.4%
Dodoma, Tanzania
74.1%
Bamako, Mali
73.1%
Dakar, Senegal
70.7%
Maseru, Lesotho
70.5%
Nairobi, Kenya
68.6%
Abuja, Nigeria
62.7%
Pretoria, South Africa
62.5%

You're not logged in!

Compare scores with friends on all Sporcle quizzes.
OR
Log In

Sporcle TV

Today on Sporcle TV


Watch our educational content, quiz creation guides, and fun videos on Sporcle TV.

Show Comments

Extras

Top Quizzes Today


Score Distribution

Your Account Isn't Verified!

In order to create a playlist on Sporcle, you need to verify the email address you used during registration. Go to your Sporcle Settings to finish the process.

Report this User

Report this user for behavior that violates our Community Guidelines.

Details: